PLK - Quel est le son ? #1 - Statistiques

Statistiques générales
  • Ce quiz a été pris 554 fois
  • Le résultat moyen est 11 sur 36
Statistiques - réponses
Hint Réponse % Correct
Son père la rince en permanence et gagne huit fois ta paie Copine
71%
Écrit noir sur blanc comme dans mon foutu casier Émotif (Booska 1H)
68%
Lettre des huissiers, on s'amusait à faire des ratures Mamie
66%
Ma sœur me dit qu'j'suis grossier mais que j'fais aussi des gros sons Pilote (feat. Hamza)
59%
Ils font des bêtises mais quand maître revient, ils pleurent à la niche et font genre qu't'aimes bien Un peu de haine
59%
Arrête d'me répéter que je vais finir enfermé Problèmes
58%
Jamais j'me mets en couple avec oi-t, t'as pas l'comportement adéquat Hola
56%
Elle est fan de moi depuis le lycée, tous mes vieux sons elle avait d'jà pisté Dis-moi oui
52%
J'connaissais pas les familles unies, j'ai grandi avec mamie, moi Tout recommencer (feat. Tessa B.)
47%
On m'salit facilement comme auto blanche Idiote
42%
J'aime la victoire, pas la défaite, en pointe comme Jermain Defoe À la base
40%
J'm'envole, envoie une masse, personne prendra ma place Monégasque
35%
Ton âme s'élève, ton corps s'enterre, ton corps sans vie, nous laisse sans repères Aimer
34%
J'me sens mal dans l'émission, ça m'rappelle l'OPJ et ses questions Dingue
34%
Tu veux l'feat gros, mets les E Ténébreux
33%
Arrête de nous faire le gars paro, tu vas t'manger un aller-r'tour Hier (feat. SCH)
29%
J'conseille à personne d'être sur mon chemin, des fois, j'sors l'album, des fois, j'sors le chien On sait jamais (feat. Niska)
28%
Ouvert jusqu'à cinq heures comme l'épicier d'Porte de Saint-Cloud 250
26%
Oh, t'es comme la beuh : t'as pris ma tête, t'as pris mon temps Au fond d'ma tête
23%
J'ai grandi, j'évolue, comme un Pokémon Billet d'20
23%
Ils donnent des conseils avec d'la coke encore au bout du nez Mental
23%
Je veux la même Sacem que Beyoncé Pas les mêmes
22%
Maman aurait préféré que j'ai l'bac au lieu que par la BAC j'me fasse serrer Du mal
21%
C'est pas du coca dans mon verre, y a pas de coco dans mon nez 3 en 1
20%
Le sang est chaud, y a qu'le sourire d'maman qui peut m'apaiser C'est mort
17%
J'veux l'hélico sur le toit, du roro au bout des doigts A A A
16%
Tu sais très bien qu'j'ai beaucoup de meufs qui m'tournent autour Pas ce soir (feat. Krisy)
16%
Même si j'ai plein d'potos, je sais que sous-terre je s'rai tout seul 260
15%
J'avais seize piges, j'prenais cinq litres en chrome, gros, et on charbonne Toute l'année (feat. Timal)
15%
Tu veux vraiment réussir ? Faut y aller, on veut devenir boss, fuck être salarié Waow (feat. Nekfeu)
12%
Et quand dans ma tête, c'était la guerre comme à Pearl Harbor Pas besoin
10%
Petit con t'as pas compris gros remets replay Faut croire
7%
Gros, j'vais pas m'répéter, j'ai pas connu d'CPE, vu qu'moi, j'ai trop aimé sécher depuis le CE2 Juste un petit peu
7%
J'veux ride en hélicoptère, à Paris y'a trop d'circulation Platinum
7%
Personne va m'arrêter ici-bas parce que c'est moi qu'ai les keys comme Alicia Colis piégés (feat. Lefa)
6%
Vous êtes pas d'dans, gros, ça fait flipper, la concu' : R.I.P Skuu (feat. Krisy)
4%
Aucun quiz correspondant
Distribution des résultats
% des personnes avec chaque résultat
Percentile par nombre de réponses
Votre historique - résultats
Vous n’avez pas pris ce quiz